Statystyki dla 100 najlepszych fizycznie piłkarzy w EA FC 24

Kliknij tutaj aby rozwiązać quiz!

Ogólne statystyki

  • Ten quiz został rozwiązany 25 razy
  • Średni wynik to 8 z 100

Statystyki odpowiedzi

FizycznośćZawodnik% Poprawnych
86Virgil van Dijk
86%
84Robert Lewandowski
59%
88Erling Haaland
55%
84Min-jae Kim
55%
87Ruben Dias
50%
86Antonio Rudiger
45%
86Matthijs de Ligt
45%
85Niklas Sule
41%
84Ronald Araujo
41%
84Rodri
36%
88Casemiro
32%
85Darwin Nunez
23%
84Theo Hernandez
23%
86Ferland Mendy
18%
85Lautaro Martinez
18%
86Leon Goretzka
18%
85Nicolas Otamendi
14%
86Seko Fofana
14%
86Andre-Franck Zambo Anguissa
9%
87Emre Can
9%
86Gianluca Mancini
9%
86Presnel Kimpembe
9%
84Adrien Rabiot
5%
88Aleksandar Mitrović
5%
84Christian Gunter
5%
88Dani de Wit
5%
86Danilo Pereira
5%
89Denzel Dumfries
5%
85Duvan Zapata
5%
87Edson Alvarez
5%
88Joseph Aidoo
5%
84Marcos Acuna
5%
86Nordin Amrabat
5%
87Pepe
5%
84Renato Tapia
5%
84Sandro Tonali
5%
86Sergej Milinković-Savić
5%
84Sven Botman
5%
84William Carvalho
5%
88Wout Weghorst
5%
86Ahmed Hegazi
0%
85Alexander Sorloth
0%
84Ali Musrati
0%
85Aliou Badji
0%
86Allan Nyom
0%
84Axel Disasi
0%
87Baldomero Perlaza
0%
85Bebe
0%
85Brian Kaltak
0%
86Calvin Ughelumba
0%
84Cuellar
0%
85Dan Burn
0%
84Danny Post
0%
84Denis Zakaria
0%
85Emil Holm
0%
87Enzo Copetti
0%
86Ercan Kara
0%
85Ezequiel Avila
0%
87Fali
0%
86Federico Baschirotto
0%
87Frank Kessie
0%
89Geoffrey Kondogbia
0%
86Gernot Trauner
0%
86Harold Moukoudi
0%
85Harrison Delbridge
0%
86Ibrahim Sangare
0%
85Igor
0%
84Inaki Williams
0%
85Joao Klauss de Mello
0%
89Joao Palhinha
0%
88Joelinton
0%
85Jonathan Tah
0%
85Julio Tavares
0%
86Kevin Behrens
0%
85Kevin Danso
0%
84Kevin Volland
0%
85Klaus Gjasula
0%
85Ladislav Krejci
0%
87Ludovic Ajorque
0%
85Marcao
0%
86Marouane Fellaini
0%
85Nemanja Gudelj
0%
86Nicolo Zaniolo
0%
84Norberto Gomes Betuncal
0%
85Omar Bugiel
0%
85Oumar Solet
0%
86Ricardo Almeida Santos
0%
85Robert Andrich
0%
84Sacha Boey
0%
85Sander Berge
0%
84Scott McTominay
0%
84Sead Kolasinac
0%
88Sebastian Coates
0%
86Sebastian Polter
0%
85Shaun Rooney
0%
87Tomas Chory
0%
88Victor Wanyama
0%
85Viktor Gyokeres
0%
86Vincent Janssen
0%
85Yeimar Gomez Andrade
0%

Rozkład punktacji

Percentyl według liczby udzielonych odpowiedzi

Procent ludzi z każdym wynikiem

Twoja historia wyników

Nie rozwiązałeś tego quizu